000 01877nam a2200565 i 4500
001 28674
003 KOSZ 005
005 20200529134059.0
008 971010s1989 pl f |001 0 pol
015 _aUWD 1989/3207
020 _a8301085193
035 _a991002611109705066
035 _a(PL-WaBN)b10714923-48omnis_nlop
035 _ab10714923
035 _a(OCoLC)834640456
035 _a(PL)b0000001071492
035 _a(EXLNZ-48OMNIS_NETWORK)9910359676505606
040 _aWA N
_cWA N
_dKOSZ 005/EG
080 _a1
080 _a3
080 _a(438)
080 _a"12/16"
100 1 _aDomański, Juliusz
_d(1927- )
_eAutor
245 1 0 _aZarys dziejów filozofii w Polsce :
_bwieki XIII-XVII /
_cJ. Domański, Z. Ogonowski, L. Szczucki ; red. nauk. Zbigniew Ogonowski.
260 _aWarszawa :
_bPańst. Wydaw. Naukowe,
_c1989.
300 _a479, [1] s. ;
_c22 cm.
336 _aTekst
_btxt
_2rdacontent
337 _aBez urządzenia pośredniczącego
_bn
_2rdamedia
338 _aWolumin
_bnc
_2rdacarrier
380 _aKsiążki
388 _a1901-2000
388 _a1945-1989
504 _aBibliogr. s. 447-468. - Indeks.
648 7 _a1201-1300
_2DBN
648 7 _a1301-1400
_2DBN
648 7 _a1401-1500
_2DBN
648 7 _a1501-1600
_2DBN
648 7 _a1601-1700
_2DBN
650 7 _aFilozofia
_2DBN
650 7 _aHistoria
_2DBN
650 7 _aNauki społeczne
_2DBN
651 7 _aPolska
658 _aFilozofia i etyka
700 1 _aOgonowski, Zbigniew
_d(1924-2018)
_eAutor
700 1 _aSzczucki, Lech
_d(1933-2019)
_eAutor
710 2 _aPaństwowe Wydawnictwo Naukowe
_4pbl
856 _uhttp://koha.tu.koszalin.pl/cgi-bin/koha/opac-detail.pl?biblionumber=28674
_yKatalog online BPK
942 _2UKD
_cKS
999 _c28674
_d28674